00482nam a2200193 a 4500001001300000003000900013005001700022008004100039020001000080082001300090100002300103245003700126260002900163300000900192500003500201505001200236650001700248700002300265nice12345678IN_TiNIC20260116012244.0050524s1956 lona grp 000 0 eng  ac10000a232bFUL aFuller, Reginald H aMission and Achievement of Jesus aLondonbScm Press c1956 a128p aincludes index and biblioraphy2 aIndices aJesus Christ1 aFuller, Reginald H